Mathematical methods in continuous and discrete system (Record no. 63651)

000 -LEADER
fixed length control field 00492nam a22001817a 4500
003 - CONTROL NUMBER IDENTIFIER
control field NUST - PNEC
005 - DATE AND TIME OF LATEST TRANSACTION
control field 20170116180819.0
008 - FIXED-LENGTH DATA ELEMENTS--GENERAL INFORMATION
fixed length control field 150615b xxu||||| |||| 00| 0 eng d
020 ## - INTERNATIONAL STANDARD BOOK NUMBER
International Standard Book Number 0030570387
040 ## - CATALOGING SOURCE
Transcribing agency LIBRARY
082 ## - DEWEY DECIMAL CLASSIFICATION NUMBER
Classification number 510 KAR
100 ## - MAIN ENTRY--PERSONAL NAME
9 (RLIN) 3935
Personal name Karni, Shlomo,
245 ## - TITLE STATEMENT
Title Mathematical methods in continuous and discrete system
Statement of responsibility, etc. Shlomo Karni
260 ## - PUBLICATION, DISTRIBUTION, ETC.
Place of publication, distribution, etc. New York
Name of publisher, distributor, etc. Holt McDougal
Date of publication, distribution, etc. c1982.
300 ## - PHYSICAL DESCRIPTION
Extent 312 p. :
650 ## - SUBJECT ADDED ENTRY--TOPICAL TERM
9 (RLIN) 3937
Topical term or geographic name entry element Mathematical
General subdivision ME
942 ## - ADDED ENTRY ELEMENTS (KOHA)
Source of classification or shelving scheme
Koha item type Book
Holdings
Withdrawn status Lost status Source of classification or shelving scheme Damaged status Not for loan Permanent Location Current Location Shelving location Date acquired Source of acquisition Cost, normal purchase price Total Checkouts Full call number Barcode Date last seen Cost, replacement price Price effective from Koha item type
          Pakistan Navy Engineering College (PNEC) Pakistan Navy Engineering College (PNEC) Reference 06/20/1987 Progressive International Agency / Library / Reference Grant 219.00   510 KAR PNECLIB-010913 06/15/2015 219.00 06/15/2015 Book
© 2023 Central Library, National University of Sciences and Technology. All Rights Reserved.